000 00566nam a2200181Ia 4500
008 151018s9999 xx 000 0 und d
082 _bRBASDV50053
_a891.468
100 _aशिरीष कणेकर
245 _aगाये चला जा
250 _b5
260 _bराजा प्रकाशन मुंबई
_c2006
300 _a186
600 _aशिरीष कणेकर
630 _aगाये चला जा
700 _aशिरीष कणेकर
730 _aगाये चला जा
942 _cBOOK
999 _c1049037
_d1049034